Roller Coasters by Element - Statistics

General Stats
  • This quiz has been taken 168 times
  • The average score is 9 of 25
Answer Stats
Hint Year Answer % Correct
Mosasaurus Roll 2021 Velocicoaster
92%
Corkscrew 1975 Corkscrew
76%
Lagoon Roll 2015 Cannibal
65%
Death Roll 2022 Iron Gwazi
62%
Inside Top Hat 1998 Mr. Freeze: Reverse Blast
53%
Flying Snake Dive 2004 Storm Runner
52%
Top Gun Stall 2015 Twisted Colossus
48%
Rolling Thunder Hill 2006 El Toro
40%
Non-inverting Cobra Roll 2021 Kondaa
39%
Arcade Roll 2023 ArieForce One
38%
Dog Tongue 2019 Maxx Force
38%
Drachen Fire Dive Drop 2018 Steel Curtain
37%
LIM Launch 1996 Flight of Fear
36%
Twisted Horseshoe Roll 2007 Maverick
36%
Drop Track 2010 Thirteen
36%
Trick Track Double Up 2016 Storm Chaser
27%
Demonic Knot 2014 Flug der Damonen
26%
Banana Roll 2011 Takabisha
24%
Bowtie 1983 Dragon Mountain
20%
Scorpion Tail 2010 Cobra
19%
Stengel Dive 2002 Goliath
19%
Immelmann 1996 Montu
19%
Inclined Loop 1996* Rougarou
19%
Norwegian Loop 2006 Speed Monster
19%
Full-full 2006 Eejanaika
3%
No matching quizzes found
Score Distribution
Percent of People with Each Score
Percentile by Number Answered
Your Score History
You have not taken this quiz